Дело о выдаче Санкт-Петербургской городской думе денег за освещение фонарей по ведомству Гоф-интендантской конторы

Доступно только в Электронных читальных залах Найти на картеНа карте
RUSMARC
00003603nmc2a22002413x 450
00172cd6edd-9030-4ed2-a0e6-cd50408715d9
00520231107100347.0
100##$a20230531l18421842k l0rusy0189 ca
1010#$arus
102##$aRU
105##$ay###
1222#$ad
2001#$aДело о выдаче Санкт-Петербургской городской думе денег за освещение фонарей по ведомству Гоф-интендантской конторы
$j1 мая - 26 августа 1842 г.
215##$a19 л.
$d36,5х26 см
251##$cДело
300##$aДело
371##$aДокумент не является опубликованным и широко распространяемым
461#0$1001625a9a7e-a890-4307-a7fe-826a2289a412
$12001
$aГоф-интенданская контора Министерства императорского двора
$1251
$cФонд
$1852
$j470
462#0$1001c460302a-4555-4b6a-acca-a8970d4b8fb6
$12001
$aОпись делам бывшей Гоф-интендантской конторы о выплате денег Городской думе
$1251
$cОпись
$1852
$j2
$l140-574
801#0$aRU
$bРГИА
$c20230531
$gRCR
801#1$aRU
$bГлавНИВЦ
$c20230531
$2rusmarc
801#2$aRU
$bПБ им. Б.Н. Ельцина
$c20231107
$gRCR
$2rusmarc
850##$aРГИА
852##$aРГИА
$eФедеральное казенное учреждение "Российский государственный исторический архив" (РГИА)
$j24
937##$hРГИА
$d12402675
$aASBIBLIO_SCAN
035##$aRusGRCC00062083
856##$uhttp://readingroom.main.prlib.ru/item.aspx?id_node=n188692096&mode=full
Формат отображения